| 000 | 00560nam a2200205Ia 4500 | ||
|---|---|---|---|
| 003 | OSt | ||
| 005 | 20230824120005.0 | ||
| 008 | 221021s9999||||xx |||||||||||||| ||und|| | ||
| 020 | _a81-7473-222-5 | ||
| 040 | _cChuka University Library | ||
| 050 |
_aHD 30.22 _b.S56 2003 |
||
| 100 |
_aSingh, S. P. _9541 |
||
| 245 | 0 | _aManagerial economics | |
| 250 | _a1st edition | ||
| 260 |
_aDelhi _bAITBS. Publishers & Distrubutors _c2003. |
||
| 300 |
_a226p _bIllustrated |
||
| 650 |
_aManagerial economics _91444 |
||
| 700 |
_aKumar, Swatantra _91453 |
||
| 942 |
_cBK _2lcc |
||
| 999 |
_c449 _d449 |
||